|
|
|
|
| LEADER |
01561nam a2200433 a 4500 |
| 001 |
000543974 |
| 003 |
CZ BrMZK |
| 005 |
20080411135935.0 |
| 007 |
ta |
| 008 |
000115s2000 xr f cze d |
| 015 |
|
|
|a cnb000981842
|
| 020 |
|
|
|a 80-7083-416-1
|
| 035 |
|
|
|a (OCoLC)46964313
|
| 040 |
|
|
|a BOA001
|b cze
|
| 041 |
1 |
|
|a cze
|a eng
|
| 043 |
|
|
|a e-xr---
|
| 072 |
|
7 |
|a 339.7/.9
|x Světová ekonomika a mezinárodní finance
|2 Konspekt
|9 4
|
| 080 |
|
|
|a [339.922+327](4)
|2 MRF
|
| 080 |
|
|
|a 327
|2 MRF
|
| 080 |
|
|
|a (437.3)
|2 MRF
|
| 080 |
|
|
|a (062.534)
|2 MRF
|
| 245 |
0 |
0 |
|a Vstup České republiky do Evropské unie - otázky a problémy :
|b mezinárodní konference : Liberec, duben 2000 /
|c [kolektiv]
|
| 246 |
3 |
3 |
|a <<The >>accession of the Czech Republic to the European Union - issues and problems
|
| 246 |
3 |
|
|a Tempus
|
| 250 |
|
|
|a Vyd. 1.
|
| 260 |
|
|
|a Liberec :
|b Technická univerzita,
|c 2000
|
| 300 |
|
|
|a 474 s. :
|b il. ;
|c 20 cm
|
| 500 |
|
|
|a Text čes. nebo angl.
|
| 500 |
|
|
|a Bibliogr.
|
| 500 |
|
|
|a Náz. též angl.
|
| 650 |
0 |
7 |
|a rozšíření Evropské unie
|7 ph137465
|z Česko
|2 czenas
|
| 650 |
0 |
7 |
|a evropská integrace
|7 ph137464
|z Česko
|2 czenas
|
| 655 |
|
7 |
|a sborníky konferencí
|7 fd133333
|2 czenas
|
| 610 |
2 |
7 |
|a Evropská unie
|7 kn20010711086
|2 czenas
|
| 651 |
|
7 |
|a Česko
|7 ge128065
|x mezinárodní vztahy
|2 czenas
|
| 710 |
2 |
|
|a Technická univerzita v Liberci
|7 kn20010709340
|
| 910 |
|
|
|a BOA001
|b 2-1080.225
|
| 990 |
|
|
|a BK
|
| 996 |
6 |
|
|b 2610126351
|c 2-1080.225
|l MZK
|r Sklad / do 1 hodiny
|n 0
|p p.v.
|w 000543974
|u 000010
|a 1
|e BOA001
|j MZK50
|s P
|